[Event "POL-chT 1 Liga 2019"]
[Site "Dzwirzyno"]
[Date "2019.09.11"]
[Round "5.29"]
[White "Kucza, Karol"]
[Black "Rogala, Milosz"]
[Result "1-0"]
[WhiteElo "2280"]
[BlackElo "1788"]
[Annotator "NA"]
[PlyCount "119"]
[EventDate "2019.09.07"]
[EventType "team-tourn"]
[EventCountry "POL"]
[SourceTitle "playchess.com"]
[Source "ChessBase"]
[SourceQuality "1"]
[TimeControl "40/5400+30:1800+30"]

1. e4 {[%emt 0:00:07]} c6 {[%emt 0:00:00]} 2. d4 {[%emt 0:00:12]} d5 {[%emt 0:00:06]} 3. Nc3 {[%emt 0:00:13]} dxe4 {[%emt 0:00:30]} 4. Nxe4 {[%emt 0:00:06]} Nd7 {[%emt 0:00:33]} 5. Ng5 {[%emt 0:00:15]} Ngf6 {[%emt 0:00:27]} 6. Bd3 {[%emt 0:00:07]} e6 {[%emt 0:00:33]} 7. N1f3 {[%emt 0:00:40]} Bd6 {[%emt 0:00:19]} 8. Qe2 {[%emt 0:00:12]} h6 {[%emt 0:00:50]} 9. Ne4 {[%emt 0:00:06]} Nxe4 {[%emt 0:00:21]} 10. Qxe4 {[%emt 0:00:06]} Nf6 {[%emt 0:00:07]} 11. Qe2 {[%emt 0:00:04]} b6 {[%emt 0:00:50]} 12. O-O {[%emt 0:00:20]} O-O {[%emt 0:01:32]} 13. b3 {[%emt 0:30:50]} Bb7 {[%emt 0:05:06]} 14. c4 {[%emt 0:00:43]} c5 {[%emt 0:00:45]} 15. dxc5 {[%emt 0:00:04]} Bxc5 {[%emt 0:00:21]} 16. Bb2 {[%emt 0:00:03]} Qe7 {[%emt 0:01:29]} 17. Rad1 {[%emt 0:00:25]} Rfd8 {[%emt 0:02:19]} 18. Ne5 {[%emt 0:00:36]} a5 {[%emt 0:06:40]} 19. Bc2 {[%emt 0:05:08]} Rxd1 {[%emt 0:08:12]} 20. Rxd1 {[%emt 0:01:04]} Rd8 {[%emt 0:00:16]} 21. h3 {[%emt 0:06:49]} Qc7 {[%emt 0:11:50]} 22. Rxd8+ {[%emt 0:06:49]} Qxd8 {[%emt 0:00:11]} 23. Qd3 {[%emt 0:00:08]} Qxd3 {[%emt 0:03:52]} 24. Nxd3 {[%emt 0:00:14]} Bd6 {[%emt 0:00:22]} 25. f3 {[%emt 0:02:23]} Nd7 {[%emt 0:02:46]} 26. Kf2 {[%emt 0:03:33]} Nc5 {[%emt 0:01:37]} 27. Ke3 {[%emt 0:00:26]} f6 {[%emt 0:01:44]} 28. Nxc5 {[%emt 0:06:58]} Bxc5+ {[%emt 0:00:14]} 29. Bd4 {[%emt 0:00:06]} Kf7 {[%emt 0:05:24]} 30. Kd3 {[%emt 0:01:40]} Ke7 {[%emt 0:02:33]} 31. Bxc5+ {[%emt 0:00:25]} bxc5 {[%emt 0:00:22]} 32. Kc3 {[%emt 0:00:02]} f5 {[%emt 0:02:08]} 33. a3 {[%emt 0:00:12]} Kd6 {[%emt 0:01:48]} 34. b4 {[%emt 0:00:29]} axb4+ {[%emt 0:01:16]} 35. axb4 {[%emt 0:00:03]} cxb4+ {[%emt 0:01:51]} 36. Kxb4 {[%emt 0:00:05]} Bc6 {[%emt 0:00:19]} 37. c5+ {[%emt 0:00:31]} Kc7 {[%emt 0:01:47]} 38. Kc3 {[%emt 0:00:24]} Bb5 {[%emt 0:01:44]} 39. g3 {[%emt 0:00:17]} Bc6 {[%emt 0:08:43]} 40. f4 {[%emt 0:00:00]} Bg2 {[%emt 0:00:00]} 41. h4 {[%emt 0:00:13]} Bd5 {[%emt 0:00:43]} 42. Kd4 {[%emt 0:00:05]} Ba2 {[%emt 0:01:11]} 43. Ba4 {[%emt 0:00:19]} Bd5 {[%emt 0:01:11]} 44. Ke5 {[%emt 0:00:23]} Ba2 {[%emt 0:00:30]} 45. Be8 {[%emt 0:00:24]} Bd5 {[%emt 0:00:27]} 46. Bb5 {[%emt 0:08:32]} Bb3 {[%emt 0:03:54]} 47. Kd4 {[%emt 0:01:24]} Bd5 {[%emt 0:01:01]} 48. Ba4 {[%emt 0:00:39]} Ba2 {[%emt 0:00:38]} 49. Be8 {[%emt 0:00:21]} Bb3 {[%emt 0:00:32]} 50. Bb5 {[%emt 0:05:39]} Bd5 {[%emt 0:03:17]} 51. Bc4 {[%emt 0:07:29]} Be4 {[%emt 0:02:53]} 52. Bxe6 {[%emt 0:00:06]} Kc6 {[%emt 0:00:07]} 53. g4 {[%emt 0:01:06]} g6 {[%emt 0:01:36]} 54. g5 {[%emt 0:00:14]} hxg5 {[%emt 0:00:15]} 55. hxg5 {[%emt 0:00:06]} Bb1 {[%emt 0:00:17]} 56. Bf7 {[%emt 0:00:08]} Be4 {[%emt 0:00:21]} 57. Bxg6 {[%emt 0:00:06]} Bb1 {[%emt 0:00:07]} 58. Be8+ {[%emt 0:00:29]} Kc7 {[%emt 0:00:14]} 59. Ke5 {[%emt 0:00:06]} Kd8 {[%emt 0:00:20]} 60. Bg6 {[%emt 0:00:09]} 1-0

[Event "POL-chT 1 Liga 2019"]
[Site "Dzwirzyno"]
[Date "2019.09.11"]
[Round "5.30"]
[White "Gosciniak, Maria"]
[Black "Kantane, Anna"]
[Result "1/2-1/2"]
[WhiteElo "2132"]
[BlackElo "2273"]
[Annotator "TA"]
[PlyCount "135"]
[EventDate "2019.09.07"]
[EventType "team-tourn"]
[EventCountry "POL"]
[SourceTitle "playchess.com"]
[Source "ChessBase"]
[SourceQuality "1"]

{[%evp 17,135,-3,22,-13,-8,-14,-15,-38,-33,-37,-18,-21,0,-27,89,86,119,114,110,98,166,163,163,154,162,156,170,147,147,130,140,127,129,139,152,145,145,145,145,102,121,121,171,121,108,102,121,121,121,121,121,121,121,121,121,121,121,121,121,121,121,121,159,166,150,0,121,121,121,121,121,106,106,106,106,88,106,106,106,81,107,66,71,0,101,79,261,128,523,512,516,502,539,508,575,217,208,208,214,222,214,181,181,110,158,0,0,0,0,0,0,0,0,0,0,0,0,0,0,0]} 1. e4 c5 2. Nf3 e6 3. d4 cxd4 4. Nxd4 Nc6 5. Nxc6 bxc6 6. Bd3 d5 7. O-O Nf6 8. Nc3 Be7 9. Qe2 Qc7 10. e5 {B40: Sicilian: 2...e6, Unusual lines} (10. exd5 exd5 11. Re1 Be6 12. Qf3 O-O 13. h3 Bd6 {½-½ (13) Kovchan,A (2563)-Kobalia,M (2672) Aix les Bains 2011}) 10... Nd7 11. f4 Nc5 12. Kh1 Rb8 $146 ({Predecessor:} 12... Nxd3 13. cxd3 O-O 14. Bd2 Rb8 15. b3 f5 16. Rac1 Ba6 17. Rf3 Rfc8 {0-1 (31) Mertens,F (1877)-Hager,J (2221) Oberhof 2010}) 13. b3 Nxd3 14. cxd3 O-O 15. Bb2 f6 (15... Qa5 $11) 16. Na4 $1 $16 Qa5 17. Rac1 Bd7 18. exf6 Bxf6 (18... gxf6 $16 {keeps fighting.} 19. Bd4 Rf7) 19. Nc5 Qd8 20. Bxf6 ({Don't play} 20. Nxe6 $6 Qe8 $11) 20... Rxf6 21. Qe5 Rc8 22. Qd6 Be8 23. Qxd8 Rxd8 24. d4 Bg6 25. g3 h5 26. h4 Kf8 27. Rfe1 Ke7 28. Re3 Rc8 29. Kg1 Kd6 30. Rec3 Rb8 31. a3 Rff8 32. b4 Rfc8 33. Nb3 Rb6 34. Re1 Rf8 35. Rce3 Rf6 36. Nc5 {[%cal Re3e6]} Bf5 37. Rb3 Rf8 38. Kf2 Bg4 39. Rbe3 {[%cal Re3e6]} Rf6 40. Nd3 Bf5 {[#]} 41. Nc5 (41. Ne5 $1 $16) 41... Rh6 (41... Bg4 $1 $11) 42. R1e2 Rf6 43. Rb2 Rf8 44. Reb3 Re8 45. a4 Reb8 46. Ke1 Rf8 47. Kd2 Rf6 48. b5 Rg6 49. Re3 Rf6 50. Reb3 Rg6 $1 51. bxc6 Rxc6 $2 (51... Kxc6 $16 52. a5 Rxb3 53. Rxb3 Rg4) 52. Rb7 (52. a5 $18) 52... Rxc5 $4 {[%mdl 8192]} (52... Rc7 $16 {is tougher.}) 53. dxc5+ $18 Kxc5 $16 {[%mdl 4096] Endgame KRR-KRB} 54. R2b3 d4 55. Rxa7 d3 56. Ra5+ $2 (56. Rb5+ Kc4 57. Rc7+ Kd4 58. Rb4+ Kd5 59. Kc3) 56... Kc6 $18 57. Ra6+ Kc7 58. Ra7+ Kc6 59. Rbb7 Rxg3 {[#]} 60. Rxg7 (60. Kc3 $1 $18) 60... Rf3 61. Rg2 $2 ({White should play} 61. Rac7+ $16 Kb6 62. Rc4) 61... Rxf4 $11 {The position is equal.} 62. Rh2 Kb6 63. Ra8 Kb7 64. Ra5 Kb6 65. Rb5+ Kc6 66. Ra5 Kb6 67. Ra8 Kb7 68. Ra5 {Accuracy: White = 57%, Black = 55%.} 1/2-1/2